[Event "Monarch Assurance Isle of Man 6th"]
[Site "Port Erin IOM"]
[Date "1997.10.10"]
[Round "7"]
[White "Sadler, Matthew"]
[Black "Ledger, Andrew"]
[Result "0-1"]
[WhiteElo "2665"]
[BlackElo "2415"]
[PlyCount "140"]
[EventDate "1997.10.04"]
[EventType "swiss"]
[EventRounds "9"]
[EventCountry "IOM"]

1. d4 d5 2. c4 c6 3. Nf3 Nf6 4. Nc3 dxc4 5. a4 Na6 6. e3 Bg4 7. Bxc4 e6 8. O-O
Nb4 9. h3 Bh5 10. Qe2 Be7 11. Rd1 a5 12. g4 Bg6 13. Ne5 Nd7 14. e4 Nxe5 15.
dxe5 Qb6 16. Kg2 h5 17. f4 hxg4 18. hxg4 Rd8 19. Rxd8+ Bxd8 20. Be3 Qc7 21. Rd1
Qe7 22. Qd2 Nd5 23. Bxd5 cxd5 24. Qf2 Bxe4+ 25. Nxe4 dxe4 26. g5 Qb4 27. Qc2
Qe7 28. Qxe4 Qc7 29. Kg3 g6 30. Rc1 Qd7 31. Qc2 b5 32. Rd1 Qb7 33. axb5 Rh1 34.
Rxh1 Qxh1 35. Qc8 Qe4 36. Qc6+ Qxc6 37. bxc6 a4 38. Kf3 Ba5 39. Bc5 Kd8 40. Bd6
Bd2 41. Ke4 Bc1 42. Kd3 Bxf4 43. Kc4 Bxg5 44. Kb5 Bc1 45. Kxa4 Bxb2 46. Kb5 Bc1
47. Bb4 Bf4 48. Bc3 Kc7 49. Ba5+ Kc8 50. Bc3 Be3 51. Kc4 g5 52. Ba5 g4 53. Kd3
Bf4 54. Ke4 Bh2 55. Bb6 Kb8 56. Bd8 g3 57. Kf3 g2 58. Kxg2 Bxe5 59. Kf3 Bc7 60.
Bh4 Ka7 61. Bf2+ Ka6 62. Kg4 Kb5 63. Kg5 Bd8+ 64. Kf4 Kxc6 65. Ke5 Kd7 66. Bd4
f6+ 67. Ke4 Kd6 68. Ba7 f5+ 69. Kf4 Kd5 70. Bb8 Bb6 0-1

[Event "Monarch Assurance Isle of Man 6th"]
[Site "Port Erin IOM"]
[Date "1997.10.10"]
[Round "7"]
[White "Thompson, Ian"]
[Black "Coathup, Roger"]
[Result "1-0"]
[WhiteElo "2285"]
[BlackElo "2120"]
[PlyCount "67"]
[EventDate "1997.10.04"]
[EventType "swiss"]
[EventRounds "9"]
[EventCountry "IOM"]

1. c4 e5 2. Nc3 Nc6 3. g3 f5 4. Bg2 Nf6 5. Nf3 Bc5 6. O-O O-O 7. d3 d6 8. e3
Bd7 9. d4 Bb4 10. d5 Ne7 11. Bd2 h6 12. Ne1 g5 13. Nd3 Bxc3 14. Bxc3 Ng6 15. f4
gxf4 16. exf4 e4 17. Ne1 Rf7 18. Nc2 Rh7 19. Qd4 Kf7 20. Ne3 h5 21. h3 Qe7 22.
b4 b6 23. a4 Rg8 24. a5 Ne8 25. axb6 axb6 26. c5 bxc5 27. bxc5 Nf8 28. c6 Bc8
29. Ra8 Ng7 30. Rxc8 Nfe6 31. dxe6+ Nxe6 32. Qd5 Rxc8 33. Qxf5+ Kg8 34. Nd5 1-0

[Event "Monarch Assurance Isle of Man 6th"]
[Site "Port Erin IOM"]
[Date "1997.10.10"]
[Round "7"]
[White "Van den Doel, Erik"]
[Black "Buckley, Graeme"]
[Result "1-0"]
[WhiteElo "2430"]
[BlackElo "2380"]
[PlyCount "79"]
[EventDate "1997.10.04"]
[EventType "swiss"]
[EventRounds "9"]
[EventCountry "IOM"]

1. e4 c5 2. Nf3 e6 3. d4 cxd4 4. Nxd4 Nf6 5. Nc3 d6 6. Be3 Be7 7. f4 O-O 8. Qf3
e5 9. Nf5 Bxf5 10. exf5 Nbd7 11. O-O-O Rc8 12. Bd2 Qc7 13. Bd3 d5 14. Nxd5 Nxd5
15. Qxd5 Bf6 16. Bb4 e4 17. Qxe4 Rfe8 18. Qd5 Re2 19. Rd2 Rxd2 20. Bxd2 Nc5 21.
Re1 Rd8 22. Bb5 Be7 23. f6 Bf8 24. Qe5 Qb6 25. Bc4 gxf6 26. Qh5 Qc7 27. Re3 Bg7
28. Qe2 Qc6 29. Bb5 Qd5 30. Bc4 Qc6 31. Re7 Rf8 32. Qh5 Kh8 33. Qd5 Qb6 34. Be3
Rc8 35. Bxc5 Qxc5 36. Qxc5 Rxc5 37. Re8+ Bf8 38. Rxf8+ Kg7 39. Rxf7+ Kg6 40.
Bb3 1-0

[Event "Monarch Assurance Isle of Man 6th"]
[Site "Port Erin IOM"]
[Date "1997.10.11"]
[Round "8"]
[White "Agnos, Demetrios"]
[Black "Liss, Eran"]
[Result "0-1"]
[WhiteElo "2515"]
[BlackElo "2540"]
[PlyCount "68"]
[EventDate "1997.10.04"]
[EventType "swiss"]
[EventRounds "9"]
[EventCountry "IOM"]

1. e4 e5 2. Nf3 Nc6 3. Bb5 a6 4. Ba4 Nf6 5. O-O Be7 6. Re1 b5 7. Bb3 d6 8. c3
O-O 9. d4 Bg4 10. d5 Na5 11. Bc2 c6 12. h3 Bc8 13. dxc6 Qc7 14. Nbd2 Qxc6 15.
Nf1 Nc4 16. a4 Bd7 17. Ng3 Rfe8 18. Nh4 g6 19. Qf3 Kg7 20. b3 Nb6 21. a5 Nc8
22. Qe3 Ng8 23. Nf3 Ra7 24. Bd2 Rc7 25. b4 h6 26. Nf1 Be6 27. N1h2 Kh8 28. Ng4
Bf8 29. Nh4 h5 30. Nf5 hxg4 31. hxg4 f6 32. g5 Rh7 33. gxf6 gxf5 34. exf5 Bf7
0-1

[Event "Monarch Assurance Isle of Man 6th"]
[Site "Port Erin IOM"]
[Date "1997.10.11"]
[Round "8"]
[White "Baburin, Alexander"]
[Black "David, Alberto"]
[Result "1-0"]
[WhiteElo "2570"]
[BlackElo "2455"]
[PlyCount "157"]
[EventDate "1997.10.04"]
[EventType "swiss"]
[EventRounds "9"]
[EventCountry "IOM"]

1. d4 Nf6 2. Nf3 g6 3. c4 Bg7 4. g3 O-O 5. Bg2 d5 6. cxd5 Nxd5 7. O-O Nb6 8.
Nc3 Nc6 9. d5 Na5 10. Bf4 c6 11. dxc6 Nxc6 12. Qc1 e5 13. Rd1 Qe7 14. Be3 Be6
15. Ng5 Rac8 16. Nxe6 Qxe6 17. Bxb6 axb6 18. e3 e4 19. Bxe4 Nb4 20. Bxb7 Rc7
21. Bg2 Bxc3 22. bxc3 Nxa2 23. Qa3 Nxc3 24. Rd6 Qf5 25. Rxb6 Ne2+ 26. Kh1 Rc3
27. Rb3 Rc2 28. Rf1 Qf6 29. Qa1 Nc3 30. Ra3 Rd8 31. Ra8 Rxa8 32. Qxa8+ Kg7 33.
Qf3 Qb6 34. h4 h5 35. Ra1 Qf6 36. Qxf6+ Kxf6 37. Ra6+ Kg7 38. Rc6 Rc1+ 39. Kh2
Ne2 40. Rd6 Nc3 41. Bf3 Nb5 42. Rd5 Nc7 43. Rd7 Kf6 44. Kg2 Ke6 45. Rd8 Ke7 46.
Rc8 Kd7 47. Rb8 Ke7 48. Rb6 Kd7 49. Be4 Ke7 50. Kf3 Rc4 51. Bd3 Rc5 52. e4 Ne6
53. Ke3 Rc3 54. Kd2 Nc5 55. Bc2 Rf3 56. Ke2 Rc3 57. Bb1 Rb3 58. Rxb3 Nxb3 59.
Ke3 Nc5 60. e5 Ne6 61. f3 Nf8 62. Ba2 f6 63. f4 Nd7 64. Kd4 f5 65. Bb3 Nf8 66.
Bg8 Nd7 67. e6 Nf6 68. Bf7 Kd6 69. Bxg6 Kxe6 70. Ke3 Ng4+ 71. Ke2 Nh6 72. Bxh5
Kd6 73. Kd3 Ke6 74. Kd4 Ng8 75. Kc5 Nf6 76. Bf3 Nd7+ 77. Kd4 Nf6 78. h5 Kd6 79.
h6 1-0

[Event "Monarch Assurance Isle of Man 6th"]
[Site "Port Erin IOM"]
[Date "1997.10.11"]
[Round "8"]
[White "Gallagher, Joe"]
[Black "Van den Doel, Erik"]
[Result "1/2-1/2"]
[WhiteElo "2545"]
[BlackElo "2430"]
[PlyCount "133"]
[EventDate "1997.10.04"]
[EventType "swiss"]
[EventRounds "9"]
[EventCountry "IOM"]

1. e4 c5 2. Nf3 d6 3. Bc4 Nf6 4. d3 e6 5. Bb3 Nc6 6. O-O Na5 7. Ba4+ Bd7 8.
Bxd7+ Qxd7 9. b3 Be7 10. Bb2 O-O 11. e5 dxe5 12. Nxe5 Qc7 13. Qf3 Rac8 14. Nd2
Nc6 15. Nxc6 Qxc6 16. Qg3 Nh5 17. Qg4 Bf6 18. Bxf6 Nxf6 19. Qh4 Rfd8 20. Nf3
Rd5 21. Rfe1 Qd6 22. a4 h6 23. Qc4 Kh7 24. d4 Rg8 25. b4 Rxd4 26. Nxd4 Qxd4 27.
Qb5 cxb4 28. Rad1 Qb6 29. Qxb6 axb6 30. g3 Rc8 31. Rd6 Nd5 32. Re5 g6 33. Rexd5
exd5 34. Rxb6 Rxc2 35. Rxb7 Rb2 36. a5 Ra2 37. Rb5 b3 38. Rxb3 Rxa5 39. Rb7 Ra2
40. h4 Kg7 41. Rb6 h5 42. Kf1 Kf8 43. Rb5 Rd2 44. Rb7 Ke8 45. Ke1 Rd4 46. Ke2
Re4+ 47. Kd3 Re5 48. Kd4 Re2 49. Kxd5 Rxf2 50. Ke4 Kf8 51. Ke3 Rf1 52. Ra7 Kg7
53. Ra6 Kh6 54. Ra5 Kg7 55. Ke4 f6 56. Ke3 Kf7 57. Ke4 Kg7 58. Rb5 Kh6 59. Ke3
Rf5 60. Rb6 g5 61. hxg5+ Kxg5 62. Rb4 Rf1 63. Ke2 Ra1 64. Kf3 f5 65. Rc4 Re1
66. Ra4 Re4 67. Ra8 1/2-1/2

[Event "Monarch Assurance Isle of Man 6th"]
[Site "Port Erin IOM"]
[Date "1997.10.11"]
[Round "8"]
[White "Lalic, Bogdan"]
[Black "Ward, Chris"]
[Result "1/2-1/2"]
[WhiteElo "2600"]
[BlackElo "2485"]
[PlyCount "71"]
[EventDate "1997.10.04"]
[EventType "swiss"]
[EventRounds "9"]
[EventCountry "IOM"]

1. e4 c5 2. Nf3 d6 3. d4 cxd4 4. Nxd4 Nf6 5. Nc3 g6 6. Be2 Bg7 7. O-O O-O 8.
Re1 Nc6 9. Nb3 a5 10. a4 Be6 11. Bg5 Rc8 12. Rb1 Nb4 13. Nd4 Bc4 14. Ndb5 h6
15. Bh4 Qb6 16. Bxc4 Rxc4 17. b3 Rc5 18. Bxf6 Bxf6 19. Nd5 Nxd5 20. exd5 Rxb5
21. axb5 Qxb5 22. c4 Qb4 23. Qd3 Kg7 24. g3 Rc8 25. Re4 Rb8 26. Rbe1 b5 27.
cxb5 Qxb5 28. R1e3 Qd7 29. Rc4 Rb6 30. Qc2 Qb7 31. Rd3 Rb5 32. Rc7 Qb6 33. Rc6
Qb7 34. Rc7 Qb6 35. Rc6 Qb7 36. Rc7 1/2-1/2

[Event "Monarch Assurance Isle of Man 6th"]
[Site "Port Erin IOM"]
[Date "1997.10.11"]
[Round "8"]
[White "Ledger, Andrew"]
[Black "Hebden, Mark"]
[Result "1/2-1/2"]
[WhiteElo "2415"]
[BlackElo "2575"]
[PlyCount "81"]
[EventDate "1997.10.04"]
[EventType "swiss"]
[EventRounds "9"]
[EventCountry "IOM"]

1. d4 Nf6 2. Nf3 g6 3. b4 Bg7 4. Bb2 d6 5. c4 O-O 6. e3 e5 7. Nc3 exd4 8. Nxd4
c5 9. bxc5 dxc5 10. Ndb5 Nc6 11. Be2 Be6 12. O-O Nd7 13. Qc1 a6 14. Nd6 Qc7 15.
Rd1 Rad8 16. Nde4 Qe5 17. f4 Qb8 18. Nd5 f6 19. Bc3 b5 20. cxb5 axb5 21. a3
Rde8 22. Nd6 Nd4 23. Bxd4 Qxd6 24. Nxf6+ Nxf6 25. Bxf6 Qxd1+ 26. Qxd1 Bxf6 27.
Rb1 Bf5 28. Qd5+ Kh8 29. Rxb5 Rxe3 30. Qxc5 Rfe8 31. Bf1 Re1 32. Qd6 R1e6 33.
Qb4 Kg7 34. Rb7+ Kh6 35. Qd2 Rd8 36. Rd7 Rxd7 37. Qxd7 Re4 38. Qd2 Bd4+ 39. Kh1
Be3 40. Qd1 Rxf4 41. h3 1/2-1/2

[Event "Monarch Assurance Isle of Man 6th"]
[Site "Port Erin IOM"]
[Date "1997.10.11"]
[Round "8"]
[White "Rice, Chris"]
[Black "Campbell, Eoin"]
[Result "1-0"]
[WhiteElo "2095"]
[BlackElo "2050"]
[PlyCount "47"]
[EventDate "1997.10.04"]
[EventType "swiss"]
[EventRounds "9"]
[EventCountry "IOM"]

1. d4 d5 2. c4 c6 3. Nf3 Nf6 4. Nc3 dxc4 5. a4 Bf5 6. Ne5 e6 7. f3 Bb4 8. e4
Bxe4 9. fxe4 Nxe4 10. Bd2 Qxd4 11. Nxe4 Qxe4+ 12. Qe2 Bxd2+ 13. Kxd2 Qd5+ 14.
Kc2 O-O 15. Nxc4 Na6 16. Qe3 Rfd8 17. Qe5 Qxe5 18. Nxe5 Nb4+ 19. Kb3 a5 20. Nc4
Na6 21. Be2 Nc5+ 22. Kc2 b5 23. axb5 cxb5 24. Rxa5 1-0

[Event "Monarch Assurance Isle of Man 6th"]
[Site "Port Erin IOM"]
[Date "1997.10.11"]
[Round "8"]
[White "Thompson, Ian"]
[Black "Baum, Bernd"]
[Result "1/2-1/2"]
[WhiteElo "2285"]
[BlackElo "2270"]
[PlyCount "139"]
[EventDate "1997.10.04"]
[EventType "swiss"]
[EventRounds "9"]
[EventCountry "IOM"]

1. c4 e5 2. Nc3 Nc6 3. Nf3 Nf6 4. g3 d5 5. cxd5 Nxd5 6. Bg2 Nb6 7. O-O Be7 8.
a3 O-O 9. b4 Be6 10. d3 f5 11. Bb2 Bf6 12. Nd2 Rb8 13. Nb3 Bf7 14. Rc1 Nd4 15.
Na5 c6 16. e3 Ne6 17. Nc4 Qe7 18. Nxb6 axb6 19. b5 Rfd8 20. Qc2 Nc5 21. bxc6
bxc6 22. d4 exd4 23. exd4 Bxd4 24. Bxc6 Nd3 25. Nd5 Rxd5 26. Bxd5 Nxb2 27. Qxf5
Rf8 28. Rc8 g6 29. Rxf8+ Kxf8 30. Qf4 Qf6 31. Qh6+ Kg8 32. Bxf7+ Qxf7 33. Qd2
Qf6 34. Qc2 Kg7 35. Kg2 Qf5 36. Qc7+ Qf7 37. Qd8 Bc5 38. Qd2 Qf6 39. Qd7+ Qe7
40. Qd5 Qd6 41. Qb7+ Qe7 42. Qd5 Qf7 43. Qe5+ Qf6 44. Qd5 Qf5 45. Qd2 Qe4+ 46.
Kh3 Nd3 47. f3 Qd4 48. Kg2 Bxa3 49. Rb1 Bc5 50. Qe2 Qf2+ 51. Qxf2 Nxf2 52. Rb3
Kf6 53. Kf1 Ke5 54. Ke2 Kd5 55. Rb2 Bd4 56. Rb1 Kc4 57. Rc1+ Kd5 58. Rc7 h5 59.
Rb7 Nh3 60. f4 Nf2 61. f5 gxf5 62. Rh7 b5 63. Rxh5 b4 64. Rxf5+ Kc4 65. Rf8 b3
66. Rb8 Kc3 67. Rc8+ Kb2 68. Rd8 Bc5 69. Rc8 Bd4 70. Rd8 1/2-1/2

[Event "Monarch Assurance Isle of Man 6th"]
[Site "Port Erin IOM"]
[Date "1997.10.12"]
[Round "9"]
[White "Baum, Bernd"]
[Black "Agnos, Demetrios"]
[Result "0-1"]
[WhiteElo "2270"]
[BlackElo "2515"]
[PlyCount "88"]
[EventDate "1997.10.04"]
[EventType "swiss"]
[EventRounds "9"]
[EventCountry "IOM"]

1. c4 g6 2. g3 Bg7 3. Bg2 e5 4. Nc3 Nc6 5. d3 d6 6. Rb1 f5 7. e3 Nf6 8. Nge2
O-O 9. O-O Be6 10. Nd5 Rb8 11. b3 Ne7 12. Nxf6+ Bxf6 13. Bb2 c6 14. d4 e4 15.
Qd2 d5 16. Rbc1 g5 17. Ba3 Rf7 18. Rc2 Ng6 19. cxd5 cxd5 20. Rfc1 Bg7 21. Nc3
b5 22. Nd1 a5 23. Rc6 Bd7 24. Bd6 Bxc6 25. Bxb8 Ba8 26. Be5 Nxe5 27. dxe5 Bxe5
28. Rc5 b4 29. Nb2 Bd6 30. Rxd5 Bxd5 31. Qxd5 Bc7 32. Qxd8+ Bxd8 33. g4 fxg4
34. Bxe4 Rd7 35. Nd3 Kg7 36. Kg2 h5 37. Kg3 Rc7 38. Kg2 Kf6 39. Kg3 Be7 40. Kg2
Bd6 41. h3 gxh3+ 42. Kxh3 Rc2 43. Nf4 Rxf2 44. Nxh5+ Ke5 0-1

[Event "Monarch Assurance Isle of Man 6th"]
[Site "Port Erin IOM"]
[Date "1997.10.12"]
[Round "9"]
[White "David, Alberto"]
[Black "Ward, Chris"]
[Result "1/2-1/2"]
[WhiteElo "2455"]
[BlackElo "2485"]
[PlyCount "52"]
[EventDate "1997.10.04"]
[EventType "swiss"]
[EventRounds "9"]
[EventCountry "IOM"]

1. e4 c5 2. Nf3 d6 3. d4 cxd4 4. Nxd4 Nf6 5. Nc3 g6 6. Be3 Bg7 7. f3 Nc6 8. Qd2
O-O 9. O-O-O d5 10. exd5 Nxd5 11. Nxc6 bxc6 12. Bd4 e5 13. Bc5 Be6 14. Ne4 Rb8
15. Bc4 Re8 16. h4 h6 17. Bb3 f5 18. Nd6 Bf8 19. c4 Bxd6 20. Bxd6 Qxd6 21. Qxh6
Qc5 22. Qxg6+ Kf8 23. Qh6+ Kg8 24. Qg6+ Kf8 25. Qh6+ Kg8 26. Qg6+ Kf8 1/2-1/2

[Event "Monarch Assurance Isle of Man 6th"]
[Site "Port Erin IOM"]
[Date "1997.10.12"]
[Round "9"]
[White "Hebden, Mark"]
[Black "Emms, John"]
[Result "1-0"]
[WhiteElo "2575"]
[BlackElo "2535"]
[PlyCount "77"]
[EventDate "1997.10.04"]
[EventType "swiss"]
[EventRounds "9"]
[EventCountry "IOM"]

1. d4 Nf6 2. Nf3 e6 3. Bg5 c5 4. c3 d5 5. Nbd2 Nbd7 6. e3 Be7 7. Bd3 Qc7 8. O-O
O-O 9. Rc1 b6 10. c4 Bb7 11. cxd5 exd5 12. b3 Rfe8 13. Bb5 Bc6 14. Bxc6 Qxc6
15. Qe2 Qb7 16. Rfd1 Bf8 17. dxc5 bxc5 18. Qd3 h6 19. Bxf6 Nxf6 20. Nb1 Rac8
21. h3 Re6 22. Nc3 c4 23. bxc4 dxc4 24. Qf5 Bb4 25. Nd4 Rb6 26. Nde2 g6 27. Qf4
Kg7 28. e4 Bxc3 29. Nxc3 Re6 30. e5 Ne8 31. Rd5 Qe7 32. Rcd1 Qg5 33. Qd4 Qe7
34. Rd7 Qc5 35. Qf4 Re7 36. R1d5 Qb4 37. Rb5 Qa3 38. Nb1 Rxd7 39. Nxa3 1-0

[Event "Monarch Assurance Isle of Man 6th"]
[Site "Port Erin IOM"]
[Date "1997.10.12"]
[Round "9"]
[White "Ledger, Andrew"]
[Black "Baburin, Alexander"]
[Result "0-1"]
[WhiteElo "2415"]
[BlackElo "2570"]
[PlyCount "64"]
[EventDate "1997.10.04"]
[EventType "swiss"]
[EventRounds "9"]
[EventCountry "IOM"]

1. e4 c5 2. Nf3 g6 3. c3 d5 4. exd5 Qxd5 5. d4 Nf6 6. Be2 Bg7 7. O-O O-O 8.
dxc5 Qxc5 9. Be3 Qc7 10. Na3 Nc6 11. h3 a6 12. Qa4 h6 13. Rad1 Bf5 14. Bd3 b5
15. Qc2 Be6 16. Qc1 Kh7 17. Bb1 Bd5 18. Nd2 Na5 19. Nc2 Rac8 20. Nb4 Bb7 21.
Rfe1 e5 22. f3 Nc4 23. Bf2 Nxd2 24. Qxd2 a5 25. Nc2 e4 26. f4 Rfd8 27. Bd4 b4
28. Qf2 Nd5 29. cxb4 Nxf4 30. Bb6 e3 31. Qxe3 Qc6 32. Qf2 Nxh3+ 0-1

[Event "Monarch Assurance Isle of Man 6th"]
[Site "Port Erin IOM"]
[Date "1997.10.12"]
[Round "9"]
[White "Sindik, Ervin"]
[Black "Gallagher, Joe"]
[Result "0-1"]
[WhiteElo "2355"]
[BlackElo "2545"]
[PlyCount "54"]
[EventDate "1997.10.04"]
[EventType "swiss"]
[EventRounds "9"]
[EventCountry "IOM"]

1. e4 c5 2. Nf3 d6 3. d4 cxd4 4. Nxd4 Nf6 5. Nc3 a6 6. Be3 e5 7. Nf3 Be7 8. Bc4
O-O 9. a4 Be6 10. Bxe6 fxe6 11. a5 Nc6 12. Bb6 Qe8 13. O-O Qg6 14. Nd2 d5 15.
Re1 d4 16. Ne2 Ng4 17. Rf1 Qh6 18. h3 Nxf2 19. Qe1 Bh4 20. g3 Bg5 21. Nc4 Nxh3+
22. Kg2 Rxf1 23. Qxf1 Rf8 24. Bc5 Rxf1 25. Rxf1 Be7 26. Bxe7 Nxe7 27. Rh1 Qg6
0-1

[Event "Monarch Assurance Isle of Man 6th"]
[Site "Port Erin IOM"]
[Date "1997.10.12"]
[Round "9"]
[White "Spanton, Tim"]
[Black "Donaldson, John W"]
[Result "0-1"]
[WhiteElo "2065"]
[BlackElo "2405"]
[PlyCount "60"]
[EventDate "1997.10.04"]
[EventType "swiss"]
[EventRounds "9"]
[EventCountry "IOM"]

1. c4 e6 2. Nc3 d5 3. d4 c6 4. e3 Nf6 5. f4 c5 6. Nf3 Nc6 7. Bd3 cxd4 8. exd4
Nb4 9. O-O Nxd3 10. Qxd3 dxc4 11. Qxc4 Be7 12. Be3 O-O 13. d5 Nxd5 14. Nxd5
Qxd5 15. Rac1 Qxc4 16. Rxc4 Bf6 17. Ne5 Bxe5 18. fxe5 Bd7 19. Bc5 Bb5 20. Rc3
Bxf1 21. Bxf8 Bxg2 22. Bxg7 Kxg7 23. Kxg2 Rd8 24. Rb3 b6 25. Kg3 Rd5 26. Kf4
Rd4+ 27. Kf3 Ra4 28. a3 Rh4 29. Kg3 Re4 30. Rb5 Kg6 0-1

[Event "Monarch Assurance Isle of Man 6th"]
[Site "Port Erin IOM"]
[Date "1997.10.12"]
[Round "9"]
[White "Van den Doel, Erik"]
[Black "Kosten, Anthony"]
[Result "1/2-1/2"]
[WhiteElo "2430"]
[BlackElo "2535"]
[PlyCount "133"]
[EventDate "1997.10.04"]
[EventType "swiss"]
[EventRounds "9"]
[EventCountry "IOM"]

1. e4 e6 2. d4 d5 3. Nd2 c5 4. Ngf3 Nf6 5. e5 Nfd7 6. c3 Nc6 7. Bd3 cxd4 8.
cxd4 Nb6 9. Nf1 Bd7 10. Bg5 Bb4+ 11. N1d2 Be7 12. Bxe7 Qxe7 13. O-O a5 14. a3
O-O 15. Qb3 Qd8 16. Rac1 a4 17. Qc2 h6 18. Qd1 Na5 19. Qe2 Qe7 20. Rc3 Rfc8 21.
Rfc1 Qe8 22. Bb1 Rxc3 23. Rxc3 Bb5 24. Qd1 Rc8 25. Qc2 Rxc3 26. Qh7+ Kf8 27.
bxc3 Nac4 28. Qh8+ Ke7 29. Qxg7 Nxa3 30. Qxh6 Nxb1 31. Nxb1 Bd3 32. Na3 Qc6 33.
Qc1 Nc4 34. Nd2 Na5 35. Qb2 Nb3 36. Nxb3 Qb6 37. Qd2 Qxb3 38. Qc1 b5 39. h4 Kd7
40. Kh2 Bg6 41. Qa1 Kc6 42. Qc1 Kb6 43. g4 Be4 44. h5 Kb7 45. f3 Bxf3 46. Kg3
Be4 47. Kh4 b4 48. cxb4 Qxb4 49. Kg5 Qxd4 50. Kf6 Bd3 51. g5 Qg4 52. Ke7 Qxh5
53. Kd6 Qe2 54. Qc6+ Ka7 55. Qxa4+ Kb6 56. Qb4+ Bb5 57. g6 fxg6 58. Kxe6 d4 59.
Qxd4+ Ka5 60. Qc5 Qg4+ 61. Kf6 Qf5+ 62. Kg7 Qd7+ 63. Kxg6 Qg4+ 64. Kf6 Qf4+ 65.
Ke6 Qg4+ 66. Kd5 Qf3+ 67. Ke6 1/2-1/2